Normal view MARC view

Entry Topical Term

Number of records used in: 1

001 - CONTROL NUMBER

  • control field: 50805

003 - CONTROL NUMBER IDENTIFIER

  • control field: OSt

005 - DATE AND TIME OF LATEST TRANSACTION

  • control field: 20250224163036.0

008 - FIXED-LENGTH DATA ELEMENTS

  • fixed length control field: 250224|| aca||aabn | a|a d

040 ## - CATALOGING SOURCE

  • Original cataloging agency: OSt
  • Transcribing agency: OSt

150 ## - HEADING--TOPICAL TERM

  • Topical term or geographic name entry element: Intimate Relationships in Older Population, Sociological Perspective Partner Preferences Age Over 50 Spain Personality Values Physical Appearance Spanish General Social Survey Sociological Research Center Multinomial Logit Model Age Sex Level of Education Cohabitation Status Educational Homogamy Higher Levels of Education Physical Appearance (Men) Values and Education (Women) Older Individuals

670 ## - SOURCE DATA FOUND

  • Source citation: Work cat.: (OSt)525590: Alonso, Mercedes Fernandez 50804, What do people look for in a potential partner after the age of 50?

Powered by Koha